Представление документа в формате RUSMARC

ПолеНазваниеЗначение
  Тип записи a
  Библиографический уровень c
001 Контрольный номер SKBR/1c89b280-4681-4638-aa57-c07dc8e3dcc0
005 Дата корректировки 20211217160259.7
010 Индекс ISBN __
a ISBN 978-5-389-14103-2
9 Тираж 4000 экз.
d Цена 185-97
100 Данные общей обработки __
a Данные общей обработки 20210624d2018 d y0rusy028902 ca
101 Язык документа 0_
a Язык текста rus
102 Страна публикации __
a Страна публикации RU
105 Кодированные данные (монография) __
a Кодированные данные (монография) y z 000ay
181 Поле кодированных данных: вид содержания _0
a Код вида содержания (ISBD) i
182 Поле кодированных данных: тип средства _0
a Код типа средства (ISBD) n
200 Заглавие и сведения об ответственности 1_
a Заглавие Приключения Кроша
e Сведения, относящиеся к заглавию повести
f Первые сведения об ответственности Анатолий Рыбаков
203 Вид содержания и тип средства __
a Вид содержания Текст
c Тип средства непосредственный
210 Выходные данные 1_
a Место издания Санкт-Петербург
c Издательство Азбука
d Дата издания 2018
c Издательство Азбука-Аттикус
215 Физическое описание __
a Объем 477, [2] с.
d Формат 18 см
225 Серия 1_
a Серия Азбука-классика
330 Аннотация __
a Аннотация Имя Анатолия Рыбакова, автора легендарных "Детей Арбата" и "Тяжелого песка", знают во всем мире. Однако известность пришла к Рыбакову задолго до публикации его "политических" романов. И самую большую популярность завоевали его книги для юношества - начиная со знаменитого "Кортика", с которого начался путь Рыбакова в литературе. Особое место среди этих книг занимает трилогия о Кроше, включенная в настоящее издание: "Приключения Кроша", "Каникулы Кроша" и "Неизвестный солдат". С иронией и доброй улыбкой автор повествует о смешных и порой опасных приключениях своего героя, наивного и обаятельного Сережи Крашенинникова, рассказывает о его маленьких победах и поражениях и на первый взгляд простых житейских ситуациях, которые на самом деле являются для Кроша серьезным жизненным испытанием…
333 Примечание о целевом назначении __
a Примечание о целевом назначении 12+. Для детей старше 12 лет
464 Аналитический уровень _0
1 2001
a Каникулы Кроша
464 Аналитический уровень _0
1 2001
a Неизвестный солдат
606 Тематические рубрики __
a Основная рубрика Художественная литература
606 Тематические рубрики __
a Основная рубрика Русская литература XX в. (произведения)
610 Ключевые слова 0_
a Ключевые слова проза
610 Ключевые слова 0_
a Ключевые слова повести
610 Ключевые слова 0_
a Ключевые слова детская литература
610 Ключевые слова 0_
a Ключевые слова тема детства
610 Ключевые слова 0_
a Ключевые слова тема приключений
610 Ключевые слова 0_
a Ключевые слова тема школы
610 Ключевые слова 0_
a Ключевые слова приключения
686 Индексы других классификаций __
a Классификационный индекс 84(2=411.2)6-4 ; ст84(2=411.2)6-4
2 Код системы rubbks
700 Автор _1
a Фамилия Рыбаков
g Полное личное имя Анатолий Наумович
4 Код отношения 070
b Имя А. Н.
f Даты 1911-1998
801 Источник записи _0
a Страна RU
b Организация ГБУК СК "СКДБ им. А. Е. Екимцева"
c Дата составления 20210624
g Правила каталогизации PSBO
852 Данные о местонахождении __
i Авторский знак Р 93
j Шифр хранения 84(2=411.2)6-4
900 Макрообъекты __
a Макрообъекты Приключения Кроша , 2018
901 Тип документа __
a Ответственный ООФиК/Волкова
t Тип документа x
903 Характеристики (МАРС) __
a Дата передачи 20210930
c Наименование библиотеки (МАРС) Муниципальное бюджетное учреждение культуры "Централизованная библиотечная система" г. Сургут (Центральная городская библиотека им. А. С. Пушкина)
969 Тип издания __
a Тип издания издание для детей
990 Данные о заказе (DOS) __
j Количество экземпляров (DOS) 2
t N записи в КСУ для И/У (DOS) 202110